000 00812nmm a2200265 a 4500
001 ocm000660882
003 TR-IsHL
005 20201028140807.0
008 131219s2009 tu tur
007 cr cn
020 _a9789944444910
035 _a660882
_b(N$T)
050 0 4 _aPL248.I57
_bK8 2009
090 0 4 _aPL248.I57
_bK8 2009
100 1 _aİnselel, Ali
245 1 0 _aKuşlar ve fırsatlar
_h[electronic resource] /
_cAli İnselel
260 _aİstanbul :
_bAres Kitap,
_c2009
300 _a177 p.
650 4 _aDil ve Edebiyat
650 4 _aLanguage and Literature
650 0 _aTürk denemesi
650 0 _aTurkish essay
650 7 _aLITERARY COLLECTIONS / Middle Eastern
_2bisacsh
856 4 0 _uhttp://search.ebscohost.com/login.aspx?direct=true&scope=site&db=e011xww&AN=660882
999 _c7474
_d7474